<?xml version="1.0" encoding="UTF-8"?>
<marc:record xmlns:marc="http://www.loc.gov/MARC21/slim">
   <marc:leader>00000nam a2200000 a 4500</marc:leader>
   <marc:datafield ind1="1" ind2=" " tag="100">
      <marc:subfield code="a">Morrison, Grant</marc:subfield>
      <marc:subfield code="4">aut</marc:subfield>
      <marc:subfield code="e">Verfasser/-in</marc:subfield>
   </marc:datafield>
   <marc:datafield ind1="1" ind2=" " tag="100">
      <marc:subfield code="a">Fleischmann, Paul</marc:subfield>
      <marc:subfield code="4">trl</marc:subfield>
      <marc:subfield code="e">Übersetzer/-in</marc:subfield>
   </marc:datafield>
   <marc:datafield ind1="1" ind2=" " tag="100">
      <marc:subfield code="a">Morrison, Grant</marc:subfield>
   </marc:datafield>
   <marc:datafield ind1=" " ind2=" " tag="653">
      <marc:subfield code="a">Geschichte</marc:subfield>
   </marc:datafield>
   <marc:datafield ind1=" " ind2=" " tag="653">
      <marc:subfield code="a">Comic</marc:subfield>
   </marc:datafield>
   <marc:datafield ind1=" " ind2=" " tag="653">
      <marc:subfield code="a">Superheld</marc:subfield>
   </marc:datafield>
   <marc:datafield ind1=" " ind2=" " tag="653">
      <marc:subfield code="a">Batman</marc:subfield>
   </marc:datafield>
   <marc:datafield ind1=" " ind2=" " tag="653">
      <marc:subfield code="a">Wonder Woman</marc:subfield>
   </marc:datafield>
   <marc:datafield ind1=" " ind2=" " tag="653">
      <marc:subfield code="a">X-Men &amp; Co</marc:subfield>
   </marc:datafield>
   <marc:datafield ind1=" " ind2=" " tag="653">
      <marc:subfield code="a">Superman</marc:subfield>
   </marc:datafield>
   <marc:datafield ind1=" " ind2=" " tag="653">
      <marc:subfield code="a">X-Men</marc:subfield>
   </marc:datafield>
   <marc:datafield ind1=" " ind2=" " tag="653">
      <marc:subfield code="a">Superhelden</marc:subfield>
   </marc:datafield>
   <marc:datafield ind1=" " ind2=" " tag="653">
      <marc:subfield code="a">Grant Morrison</marc:subfield>
   </marc:datafield>
   <marc:datafield ind1=" " ind2=" " tag="653">
      <marc:subfield code="a">Softcover / Sachbücher/Kunst</marc:subfield>
   </marc:datafield>
   <marc:datafield ind1=" " ind2=" " tag="653">
      <marc:subfield code="a">Literatur/Biographien</marc:subfield>
   </marc:datafield>
   <marc:datafield ind1=" " ind2=" " tag="653">
      <marc:subfield code="a">Autobiographien</marc:subfield>
   </marc:datafield>
   <marc:datafield ind1=" " ind2=" " tag="653">
      <marc:subfield code="a">Batman; Comic; Grant Morrison; Superhelden; Superman; Wonder Woman; X-Men</marc:subfield>
   </marc:datafield>
   <marc:datafield ind1="0" ind2="0" tag="245">
      <marc:subfield code="a">Superhelden</marc:subfield>
   </marc:datafield>
   <marc:datafield ind1="0" ind2="0" tag="245">
      <marc:subfield code="b">was wir Menschen von Superman, Batman, Wonder Woman &amp; Co lernen können</marc:subfield>
   </marc:datafield>
   <marc:datafield ind1="0" ind2="0" tag="245">
      <marc:subfield code="c">Grant Morrison. Aus dem Engl. von Paul Fleischmann</marc:subfield>
   </marc:datafield>
   <marc:datafield ind1=" " ind2="1" tag="264">
      <marc:subfield code="a">Höfen</marc:subfield>
      <marc:subfield code="b">Hannibal</marc:subfield>
      <marc:subfield code="c">2013</marc:subfield>
   </marc:datafield>
   <marc:datafield ind1=" " ind2=" " tag="250">
      <marc:subfield code="a">Orig.-Ausg.</marc:subfield>
   </marc:datafield>
   <marc:datafield ind1="1" ind2=" " tag="520">
      <marc:subfield code="a">Angaben aus der Verlagsmeldung

Superhelden : Was wir Menschen von Superman, Batman, Wonder Woman &amp; Co lernen können / von Grant Morrison

Sie können klettern wie eine Spinne, fliegen wie ein Düsenjet oder Feuer schießen wie ein Flammenwerfer. Und sie haben einen edlen Charakter, denn sie kämpfen für die Menschen gegen das allgegenwärtige Böse. Superhelden wie Spider-Man, Wonder Woman, Iron Man, die Fantastischen Vier oder X-Men sind heute ein fester Bestandteil unserer Alltagskultur. Der Comic ist ihr ursprüngliches Medium, aber Superman, Batman &amp; Co. haben in den vergangenen Jahrzehnten längst auch Kinoleinwände und Computerspiele erobert. Was aber macht eigentlich ihren großen Reiz aus? Was ist ihr Erfolgsgeheimnis? Für Grant Morrison, den erfolgreichsten zeitgenössischen Autor zahlreicher Superhelden-Comics, sind sie mächtige Archetypen, die mit ihren über Jahrzehnte laufenden Geschichten die Menschheit in ihrer Entwicklung begleiten. Durch sie wird unsere eigene Historie erzählt, die geprägt ist von Krisen und grausamen Konflikten. Morrison führt kenntnisreich durch die vier großen Epochen der Superhelden, von ihrem ersten Auftauchen in den 1930er Jahren bis heute: „Golden Age“, „Silver Age“, „Dark Age“ und „Renaissance“. Grant Morrison ist einer der weltweit führenden Experten für Comics. Er stellt dieses Genre in den Kontext von Kunstgeschichte, Wissenschaft und Mythologie, um zu erklären, was uns an diesen Superhelden so fasziniert. Das Ergebnis ist ein Standardwerk zeitgenössischer Popkultur!
</marc:subfield>
   </marc:datafield>
   <marc:datafield ind1=" " ind2=" " tag="020">
      <marc:subfield code="a">9783854454182</marc:subfield>
      <marc:subfield code="9">9783854454182</marc:subfield>
   </marc:datafield>
   <marc:datafield ind1=" " ind2=" " tag="041">
      <marc:subfield code="a">ger</marc:subfield>
   </marc:datafield>
   <marc:datafield ind1=" " ind2=" " tag="300">
      <marc:subfield code="a">528 S.</marc:subfield>
   </marc:datafield>
</marc:record>
